Plus petit pays A-Z - Statistiques

Statistiques générales
  • Ce quiz a été pris 217 fois
    160 depuis la dernière actualisation
  • Le résultat moyen est 17 sur 24
Statistiques - réponses
Lettre Superficie (en km2) Pays % Correct
V 0,44 Vatican
96%
M 2 Monaco
90%
Z 390 757 Zimbabwe
88%
Y 527 968 Yemen
86%
Q 11 586 Qatar
83%
L 160 Liechtenstein
82%
N 21 Nauru
81%
T 26 Tuvalu
81%
F 18 272 Fidji
79%
S 61 Saint-Marin
79%
A 442 Antigua-et-Barbuda
76%
U 176 215 Uruguay
73%
P 459 Palaos
70%
B 430 Barbade
68%
K 726 Kiribati
68%
O 241 550 Ouganda
67%
H 27 750 Haiti
63%
R 26 338 Rwanda
61%
D 751 Dominique
60%
G 344 Grenade
58%
J 10 991 Jamaique
58%
C 2 236 Comores
55%
E 17 364 Eswatini
53%
I 181 Iles Marshall
42%
Aucun quiz correspondant
Distribution des résultats
% des personnes avec chaque résultat
Percentile par nombre de réponses
Votre historique - résultats
Vous n’avez pas pris ce quiz depuis la dernière actualisation